000 00364nam a2200133Ia 4500
008 220217s9999||||xx |||||||||||||| ||und||
020 _a81-7808-678-6
082 _a005.3 TAM
100 _aTamres, Louise
_92669
245 0 _aIntroducing software testing
260 _aPrentice hall of india
_bNew Delhi
_c2002
300 _b300
650 _aSOFTWARE TESTING
999 _c169562
_d169562